000 00826nam a2200229 a 4500
001 63467
003 BD-RjUL
005 20211209081212.0
008 170130s2010 ii ||||| |||| 00| 0 ben d
020 _a9788177569223
035 _a(BD-RjUL)63596
040 _aBD-RjUL
_bben
_cBD-RjUL
041 _aben
082 _223
_a891.44209
_bBAN 2010
100 _aবসু, গঙ্গাপদ
_9177553
245 1 0 _aনাটক ও নাট্যকথা /
_cগঙ্গাপদ বসু
260 _aকলিকাতা :
_bআনন্দ,
_c২০১০
300 _a[১০], ৭৮৮ পৃ. ;
_c২৫ সেমি.
650 _aবাংলা নাটক
_xইতিহাস ও সমালোচনা
_9184523
650 _aBengali Drama
_xHistory & Criticism
_9188784
942 _2ddc
_cBK
999 _c63467
_d63467